Statystyki dla Quiz o Laosie

Kliknij tutaj aby rozwiązać quiz!

Ogólne statystyki

  • Ten quiz został rozwiązany 83 razy
  • Średni wynik to 13 z 23

Statystyki odpowiedzi

WskazówkaOdpowiedź% Poprawnych
Państwa granicząceWietnam
100%
Państwa granicząceChiny
100%
Państwa granicząceKambodża
97%
Państwa granicząceTajlandia
97%
Najpopularniejsza religiaBuddyzm
94%
Państwa granicząceMjanma
93%
Połwysep, na którym leży LaosIndochiny
87%
Oficjalny językLao
85%
Państwo, które
skolonizowało Laos w 1887 r.
Francja
84%
StolicaWientian
81%
Główna rzeka przepływająca przez
powyższe miasto
Mekong
79%
Do uprawy tej rośliny
wykorzystuje się 80% gruntów ornych _____
Ryż
71%
Narodowe zwierzęSłoń
50%
WalutaKip
35%
... ale ta fasola jest głównym
eksportem rolnym Laosu
Kawa
31%
Co przedstawia białe kółko na fladze?Księżyc
31%
Miasto, w którym leży powyższy wodospad{Luang} Prabang
26%
Najpopularniejszy wodospadKuang Si
19%
Ze względu na "tajną wojnę” Laos jest
przypuszczalnie najbardziej ______
państwem na mieszkańca w historii
Zbombardowanym
19%
Pasmo górskie stanowiące
wschodnią granicę Laosu
Góry {Annamskie}
18%
Ruch komunistyczny, który
przejął władzę w 1975 roku
Pathet Lao
18%
Sałatka mięsna uważana za
nieoficjalną narodową potrawę Laosu
Larb
16%
Grupa ludzi ze wzgórz, którzy
byli sojusznikami USA
Hmong
16%

Rozkład punktacji

Percentyl według liczby udzielonych odpowiedzi

Procent ludzi z każdym wynikiem

Twoja historia wyników

Nie rozwiązałeś tego quizu